Circuits and networks : (Record no. 212556)
[ view plain ]
| 000 -LEADER | |
|---|---|
| fixed length control field | 00816nam a22002297a 4500 |
| 005 - DATE AND TIME OF LATEST TRANSACTION | |
| control field | 20250724124249.0 |
| 010 ## - LCCN (DPL NO) | |
| LC control number | ENG-146100 |
| 020 ## - INTERNATIONAL STANDARD BOOK NUMBER | |
| Terms of availability | 925.00 |
| International Standard Book Number | 9789364444439 |
| 035 ## - SYSTEM CONTROL NUMBER | |
| System control number | EN-129632 |
| 037 ## - SOURCE OF ACQUISITION | |
| Source of stock number/acquisition | DBAD |
| 082 ## - DEWEY DECIMAL CLASSIFICATION NUMBER | |
| Classification number | 621.3815 |
| 100 ## - MAIN ENTRY--PERSONAL NAME | |
| Personal name | Sudhakar, A. |
| 245 ## - TITLE STATEMENT | |
| Title | Circuits and networks : |
| Statement of responsibility, etc | by A. Sudhakar; Shyammohan S.Palli [and] Amarendra R Bhimavarapu |
| Remainder of title | analysis and synthesis / |
| 250 ## - EDITION STATEMENT | |
| Edition statement | 5th ed |
| 260 ## - PUBLICATION, DISTRIBUTION, ETC. (IMPRINT) | |
| Place of publication, distribution, etc | Chennai |
| Name of publisher, distributor, etc | McGraw Hill Education |
| Date of publication, distribution, etc | 2025 |
| 270 ## - ADDRESS | |
| Address | Anjana Complex No. 5/90 A, Butt Road, St Thomar Mount |
| City | Chennai |
| Postal code | 600016 |
| 300 ## - PHYSICAL DESCRIPTION | |
| Extent | 939p. : |
| Dimensions | 24cm(pb) |
| Other physical details | ill. |
| 650 ## - SUBJECT ADDED ENTRY--TOPICAL TERM | |
| Topical term or geographic name as entry element | Electric network synthesis. |
| 700 ## - ADDED ENTRY--PERSONAL NAME | |
| Personal name | Palli, Shyammohan S. |
| Relator term | Author |
| 9 (RLIN) | 83275 |
| 700 ## - ADDED ENTRY--PERSONAL NAME | |
| Personal name | Bhimavarapu, Amarendra R |
| Relator term | Author |
| 9 (RLIN) | 83276 |
| 942 ## - ADDED ENTRY ELEMENTS (KOHA) | |
| Source of classification or shelving scheme | Dewey Decimal Classification |
| Item type | English Books |
| Call number suffix | SUD |
| Classification part | 621.3815 |
| Withdrawn status | Lost status | Not for loan | Collection code | Home library | Current library | Date acquired | Source of acquisition | Cost, normal purchase price | Full call number | Barcode | Copy number | Cost, replacement price | Koha item type |
|---|---|---|---|---|---|---|---|---|---|---|---|---|---|
| Non-fiction | Central Library | Central Library | 24/07/2025 | Delivery of Books Act Division | 925.00 | SUD 621.3815 | EN-129632 | 1 | 925.00 | English Books |
